LEADER 02900nam 2200541 a 450 001 9910460054203321 005 20200520144314.0 010 $a1-61728-020-8 035 $a(CKB)2670000000041778 035 $a(EBL)3019995 035 $a(SSID)ssj0000423961 035 $a(PQKBManifestationID)12140933 035 $a(PQKBTitleCode)TC0000423961 035 $a(PQKBWorkID)10470894 035 $a(PQKB)10734044 035 $a(MiAaPQ)EBC3019995 035 $a(Au-PeEL)EBL3019995 035 $a(CaPaEBR)ebr10675003 035 $a(OCoLC)847729077 035 $a(EXLCZ)992670000000041778 100 $a20081027d2009 uy 0 101 0 $aeng 135 $aur|n|---||||| 181 $ctxt 182 $cc 183 $acr 200 00$aNew cell adhesion research$b[electronic resource] /$fPatrick Nott and Matthew Temple, editors 210 $aHauppauge, N.Y. $cNova Science Publishers$dc2009 215 $a1 online resource (310 p.) 300 $aDescription based upon print version of record. 311 $a1-60692-378-1 320 $aIncludes bibliographical references and index. 327 $aAttachment of cells is regulated by monochromatic radiation in red and near infrared optical region via a novel retrograde mitochondrial signaling pathway / Tiina I. Karu -- Forces at adhesive contacts / Thuc-Nghi Nguyen and Soichiro Yamada -- Cell adhesion molecules for uterine receptivity to human embryo implantation / Maryam Kabir-Salmani, Michiko N. Fukuda -- Control of cell-cell-adhesion by SRC kinase : implications for cancer progression / E. Davis -- Novel data on cell adhesion / Adam Curtis -- CADM1 : a new mast-cell adhesion molecule that mediates interaction with fibroblasts, nerves, and smooth muscles / Akihiko Ito and Man Hagiyama -- Carbon nanoparticles as substrates for cell adhesion and growth / Lucie Bacakova ... [et al.] -- Diabetes increases risk for oral carcinogenesis by induction of cell proliferation and reduction of cell adhesion. An animal model study / Christos Yapijakis -- Expression of molecules with a potential for modulating interaction with extracellular matrices on hepatic stellate cells : neural cell adhesion molecules and osteonectin / Kazuki Nakatani ... [et al.] -- Epithelial cell adhesion molecule EpCAM : past, present, and future / Olivier Gires, Dorothea Maetzel, and Markus Munz -- Mucin coating for controlled cell-material interaction / Tomas Sandberg. 606 $aCell adhesion 606 $aCell adhesion molecules 608 $aElectronic books. 615 0$aCell adhesion. 615 0$aCell adhesion molecules. 676 $a611/.0181 701 $aNott$b Patrick$0887712 701 $aTemple$b Matthew$0887713 801 0$bMiAaPQ 801 1$bMiAaPQ 801 2$bMiAaPQ 906 $aBOOK 912 $a9910460054203321 996 $aNew cell adhesion research$91982986 997 $aUNINA LEADER 04621 am 2201357 n 450 001 9910321055603321 005 20190409 010 $a2-7355-0883-8 024 7 $a10.4000/books.cths.5008 035 $a(CKB)4100000008103948 035 $a(FrMaCLE)OB-cths-5008 035 $a(oapen)https://directory.doabooks.org/handle/20.500.12854/52118 035 $a(PPN)236939408 035 $a(EXLCZ)994100000008103948 100 $a20190430j|||||||| ||| 0 101 0 $afre 135 $auu||||||m|||| 181 $ctxt$2rdacontent 182 $cc$2rdamedia 183 $acr$2rdacarrier 200 12$aL?animal symbole /$fMarianne Besseyre, Pierre-Yves Le Pogam, Florian Meunier 210 $aParis $cÉditions du Comité des travaux historiques et scientifiques$d2019 330 $aReligions et mythes antiques ont souvent encouragé une vision fusionnelle entre animal et homme qui semble avoir servi de repoussoir, en tant que symbole du mal ou du diable, aux religions monothéistes : des indices laissés par les vases et les textes grecs jusqu?aux sculptures médiévales en passant par l?Orient, les enquêtes sont toutes complexes et finalement révélatrices des rapports symboliques entre l?animal et l?homme. Le Congrès national des sociétés historiques et scientifiques rassemble chaque année universitaires, membres de sociétés savantes et jeunes chercheurs. Ce recueil est issu de travaux présentés lors du 141e Congrès sur le thème « L'animal et l'homme » 606 $aArts & Humanities 606 $aClassics 606 $aReligion 606 $asculpture 606 $aarchitecture 606 $apeinture 606 $ahistoire de l'art 606 $acéramique 606 $amythologie 606 $ahistoire 606 $areligion 606 $aarchéologie 606 $aphilosophie 606 $anumismatique 606 $alittérature 606 $aart 606 $aAntiquité 606 $aMoyen Âge 606 $aépoque moderne 606 $aépoque contemporaine 610 $aart 610 $aMoyen Âge 610 $apeinture 610 $ahistoire de l'art 610 $alittérature 610 $aAntiquité 610 $asculpture 610 $amythologie 610 $aépoque contemporaine 610 $aarchéologie 610 $areligion 610 $aphilosophie 610 $anumismatique 610 $ahistoire 610 $acéramique 610 $aépoque moderne 610 $aarchitecture 615 4$aArts & Humanities 615 4$aClassics 615 4$aReligion 615 4$asculpture 615 4$aarchitecture 615 4$apeinture 615 4$ahistoire de l'art 615 4$acéramique 615 4$amythologie 615 4$ahistoire 615 4$areligion 615 4$aarchéologie 615 4$aphilosophie 615 4$anumismatique 615 4$alittérature 615 4$aart 615 4$aAntiquité 615 4$aMoyen Âge 615 4$aépoque moderne 615 4$aépoque contemporaine 700 $aBesseyre$b Marianne$01364199 701 $aBlasco Torres$b Ana Isabel$01364200 701 $aBoëls-Janssen$b Nicole$0526233 701 $aBoitard$b Clotilde$01312396 701 $aBoudin$b François$01364201 701 $aBourgois$b Alice$01283146 701 $aBudischovsky$b Marie-Christine$0439912 701 $aCadoret$b Cindy$01327156 701 $aGaloppin$b Thomas$01294976 701 $aGuilhou$b Nadine$01330571 701 $aHaack$b Marie-Laurence$0291773 701 $aJambu$b Jérôme$01313607 701 $aLa Vergata$b Antonello$0145158 701 $aLe Pogam$b Pierre-Yves$0598434 701 $aLeclercq-Marx$b Jacqueline$0446291 701 $aLepetz$b Sébastien$01295320 701 $aLochin$b Catherine$01345146 701 $aMantel$b Étienne$01283164 701 $aMaré$b Cyril$0954276 701 $aMazet$b Christian$01364202 701 $aMeunier$b Florian$01288493 701 $aMuxart$b Virginie$01349303 701 $aNieto$b Philippe$01288008 701 $aPouvreau$b Florent$01364203 701 $aRomy-Regent$b Liliane$01364204 701 $aSeigle$b Michaël$01364205 701 $aThelamon$b Françoise$0384839 701 $aVilela$b Andréa$01364206 701 $aBesseyre$b Marianne$01364199 701 $aLe Pogam$b Pierre-Yves$0598434 701 $aMeunier$b Florian$01288493 801 0$bFR-FrMaCLE 906 $aBOOK 912 $a9910321055603321 996 $aL?animal symbole$93385337 997 $aUNINA LEADER 03303oam 2200649 c 450 001 996456647403316 005 20220221094418.0 010 $a3-8394-4045-9 024 7 $a10.14361/9783839440452 035 $a(CKB)3800000000419806 035 $a(MiAaPQ)EBC5216897 035 $a(DE-B1597)487101 035 $a(OCoLC)1024020676 035 $a(DE-B1597)9783839440452 035 $a(transcript Verlag)9783839440452 035 $a(ScCtBLL)d10f0e90-6c64-4280-a854-456c2cd128d7 035 $a(oapen)https://directory.doabooks.org/handle/20.500.12854/79751 035 $a(EXLCZ)993800000000419806 100 $a20220221d2017 uy 0 101 0 $aeng 135 $aurcnu|||||||| 181 $2rdacontent 182 $2rdamedia 183 $2rdacarrier 200 10$aMelting Pots & Mosaics: Children of Immigrants in US-American Literature$fRu?diger Heinze 205 $a1st ed. 210 $aBielefeld$ctranscript Verlag$d2017 215 $a1 online resource (301 pages) $cillustrations 225 0 $aAmerican Culture Studies$v22 311 $a3-8376-4045-0 320 $aIncludes bibliographical references. 327 $aFrontmatter 1 Contents 5 1. Introduction: American Children 7 2. Axioms & Methodology 19 3. Children of Immigrants in American Literature 81 4. Conclusion: Truisms, Fallacies, and Complex Contradictions 271 5. Works Cited 277 330 $aIn the past decades, children of immigrants have drawn increased attention not only in press and media, but also in a number of academic fields, among them sociology, history, or ethnology. Surprisingly, literary and cultural studies have been somewhat more reluctant to approach the topic. While there is work on individual authors or, at the very most, particular ethnic groups, comparative approaches are rare. This monograph aims to amend this. It provides an extensive discussion of US-American literature about children of immigrants, comparing different authors, different ethnic groups and different literary and historical contexts. 410 0$aAmerican studies (Transcript (Firm)) ;$vVolume 22. 606 $aLiterature; US-America; Immigration; 2nd Generation Immigrants; Children of Immigrants; America; Migration; American Studies; General Literature Studies; Literary Studies; 607 $aAmerica$vLiteratures 610 $aLiterature 610 $aUS-America 610 $aImmigration 610 $a2nd Generation Immigrants 610 $aChildren of Immigrants 610 $aAmerica 610 $aMigration 610 $aAmerican Studies 610 $aGeneral Literature Studies 610 $aLiterary Studies 615 4$aLiterature; US-America; Immigration; 2nd Generation Immigrants; Children of Immigrants; America; Migration; American Studies; General Literature Studies; Literary Studies; 676 $a649.1 686 $aHU 1691$qDE-25/sred20$2rvk 700 $aHeinze$b Ru?diger$4aut$0599122 712 02$aKnowledge Unlatched - KU Select 2021: Backlist Collection$4fnd$4http://id.loc.gov/vocabulary/relators/fnd 801 0$bDE-B1597 801 1$bDE-B1597 906 $aBOOK 912 $a996456647403316 996 $aMelting Pots & Mosaics: Children of Immigrants in US-American Literature$92596390 997 $aUNISA